Movies Quiz

Random Movies or Director Quiz

5-Star 'M' Directors Quiz Stats

 Plays Quiz not verified by Sporcle

Challenge
Share
Tweet
Embed
Score 0/75 Timer 15:00
0 Plays Today
% Correct
American Beauty
92%
Heat
88.5%
The Tree of Life
83.2%
Spirited Away
81.4%
Mad Max 2: The Road Warrior
80.5%
Mad Max: Fury Road
80.5%
Mad Max Beyond Thunderdome
79.6%
Princess Mononoke
78.8%
My Neighbour Totoro
78.8%
The Thin Red Line
78.8%
Collateral
77%
Howl's Moving Castle
77%
Die Hard
77%
Mad Max
77%
The English Patient
77%
Skyfall
75.2%
All About Eve
74.3%
A League of Their Own
74.3%
Road to Perdition
73.5%
Kiki's Delivery Service
73.5%
Badlands
73.5%
Chicago
72.6%
Manhunter
69.9%
Revolutionary Road
69.9%
Pretty Woman
69.9%
The Last of the Mohicans
69%
An American In Paris
68.1%
The New World
65.5%
Days of Heaven
65.5%
Big
64.6%
Public Enemies
63.7%
Au Revoir les Enfants
62.8%
Runaway Bride
62.8%
Jarhead
61.9%
Predator
61.1%
Spotlight
61.1%
Meet Me In St. Louis
61.1%
The Talented Mr. Ripley
60.2%
% Correct
Gigi
60.2%
The Hunt for Red October
59.3%
Babe: Pig In the City
59.3%
Cold Mountain
59.3%
Last Action Hero
57.5%
Awakenings
56.6%
A Letter to Three Wives
55.8%
Show Me Love (F*cking Åmål)
53.1%
Nine
52.2%
Into the Woods
51.3%
Riding In Cars With Boys
51.3%
Atlantic City
51.3%
Guys and Dolls
50.4%
My Dinner With Andre
50.4%
Lilya 4-Ever
49.6%
The Barefoot Contessa
48.7%
The Station Agent
46.9%
Memoirs of a Geisha
45.1%
The Band Wagon
44.2%
Beaches
43.4%
We Are the Best!
42.5%
The Visitor
40.7%
Win Win
39.8%
Elevator to the Gallows
39.8%
The Cobbler
38.1%
The Thomas Crown Affair
37.2%
Pretty Baby
37.2%
Suddenly, Last Summer
35.4%
Pirates of the Caribbean: On Stranger Tides
34.5%
Truly, Madly, Deeply
33.6%
Frankie and Johnny
33.6%
Overboard
32.7%
Mammoth
31%
Together
31%
Breaking and Entering
30.1%
Some Came Running
25.7%
Renaissance Man
23.9%

You're not logged in!

Compare scores with friends on all Sporcle quizzes.
Join for Free
OR
Log In

You Might Also Like...

Show Comments

Extras

Top Quizzes Today


Score Distribution

Your Account Isn't Verified!

In order to create a playlist on Sporcle, you need to verify the email address you used during registration. Go to your Sporcle Settings to finish the process.

Report this User

Report this user for behavior that violates our Community Guidelines.

Details: